LEADER 01051nam--2200361---450- 001 990002690890203316 005 20070131164913.0 010 $a88-359-3481-8 035 $a000269089 035 $aUSA01000269089 035 $a(ALEPH)000269089USA01 035 $a000269089 100 $a20051130d1991----km-y0itay0103----ba 101 0 $aita 102 $aIT 105 $ay|||z|||001yy 200 1 $aAmbiente naturale e apprendimento$fGiuseppe Rescigno 210 $aRoma$cEditori Riuniti$dstampa 1991 215 $a184 p.$d24 cm 225 2 $aPaideia 410 0$1001$aPaideia$12001 606 0 $aAmbiente naturale$xRicerche$xScuola dell'obbligo 676 $a372.357 700 1$aRESCIGNO,$bGiuseppe$09792 801 0$aIT$bsalbc$gISBD 912 $a990002690890203316 951 $aII.4. 3542(VI B 936)$b183323 L.M.$cVI B$d00181914 959 $aBK 969 $aUMA 979 $aCHIARA$b90$c20051130$lUSA01$h1324 979 $aCOPAT6$b90$c20070131$lUSA01$h1649 996 $aAmbiente naturale e apprendimento$9818843 997 $aUNISA LEADER 03191nam 2200697Ia 450 001 9910446349003321 005 20200520144314.0 010 $a1-281-20462-5 010 $a9786611204624 010 $a1-84593-344-3 035 $a(CKB)1000000000395985 035 $a(EBL)327880 035 $a(SSID)ssj0000220393 035 $a(PQKBManifestationID)11185172 035 $a(PQKBTitleCode)TC0000220393 035 $a(PQKBWorkID)10155997 035 $a(PQKB)10088588 035 $a(MiAaPQ)EBC327880 035 $a(Au-PeEL)EBL327880 035 $a(CaPaEBR)ebr10202431 035 $a(CaONFJC)MIL120462 035 $a(OCoLC)647686018 035 $a(EXLCZ)991000000000395985 100 $a20070629d2008 uy 0 101 0 $aeng 135 $aur|n|---||||| 181 $ctxt 182 $cc 183 $acr 200 10$aPest management and phytosanitary trade barriers /$fNeil W. Heather and Guy J. Hallman 205 $a1st ed. 210 $aWallingford, UK ;$aCambridge, MA $cCABI$dc2008 215 $a1 online resource (267 p.) 300 $aDescription based upon print version of record. 311 $a1-84593-343-5 320 $aIncludes bibliographical references (p. 226-251) and index. 327 $aContents; Preface; Acknowledgements; 1 Pest Management and Phytosanitary Trade Barriers; 2 Agricultural Warfare and Bioterrorism Using Invasive Species; 3 Plant Regulatory Organizations; 4 Managing Risk of Pest Introduction, Establishment and Spread in a Changing World; 5 Systems and Related Approaches to Pest Risk Management; 6 Development of Postharvest Phytosanitary Disinfestation Treatments; 7 Disinfestation with Cold; 8 Phytosanitary Heat Treatments; 9 Phytosanitation with Ionizing Radiation; 10 Disinfestation by Fumigation; 11 Disinfestation with Modified (Controlled) Atmosphere Storage 327 $a12 Postharvest Phytosanitary Pesticide Treatments13 Miscellaneous Phytosanitary Treatments; Appendix I: The IPPC Model Phytosanitary Certificate; Appendix II: EPPO Guidelines on Pest Risk Analysis (EPPO, 2006); Glossary; References; Index 330 $aA significant amount of the world's economy is based upon the international trade of agricultural produce. This title reviews the social and financial implications of phytosanitary trade barriers. It offers comprehensive coverage of pest related barriers and strategies for their implementation. 606 $aFood crops$xProtection 606 $aFood crops$xLosses$xPrevention 606 $aFood crops$xPostharvest losses$xPrevention 606 $aInsect pests$xControl 606 $aBioterrorism 615 0$aFood crops$xProtection. 615 0$aFood crops$xLosses$xPrevention. 615 0$aFood crops$xPostharvest losses$xPrevention. 615 0$aInsect pests$xControl. 615 0$aBioterrorism. 676 $a632 676 $a632/.7 686 $a48.54$2bcl 700 $aHeather$b Neil W$0954356 701 $aHallman$b Guy J$0954357 801 0$bMiAaPQ 801 1$bMiAaPQ 801 2$bMiAaPQ 906 $aBOOK 912 $a9910446349003321 996 $aPest management and phytosanitary trade barriers$92158597 997 $aUNINA